000 00652nam a2200253Ia 4500
003 OSt
005 20221007104305.0
006 a|||||r|||| 00| 0
007 ta
008 221006b |||||||| |||| 00| 0 eng d
024 _a15,421
037 _cTextual
040 _aLCO
_cLCO
_beng
041 _2eng
_aeng
082 _aZ2,91, M8
100 _aTripathhi B.N.M
_9705958
245 0 _aJurisprudence
_b Legal Theory
250 _a11th
260 _aAllahabad
_bAllahabad Law Agency India
_c1988
300 _a367
650 _aJURISPRUDENCE
942 _hZ2,91, M8
_cTEXL
999 _c1184984
_d1184984